|
|
|
|
| LEADER |
00000nab a2200000 a 4500 |
| 001 |
vtls000404404 |
| 003 |
SK-MaSNL |
| 005 |
20260304035013.0 |
| 008 |
230120c1990 xo 0 slo |
| 015 |
|
|
|a SNBRB19rr/mm-uuuuu
|
| 035 |
|
|
|a CL0404528
|
| 035 |
|
|
|a urn:nbn:sk:snk-abblfo
|
| 035 |
|
|
|a (urnnbn)urn:nbn:sk:snk:ar-00622x
|
| 035 |
|
|
|a (uuid)df3c29da-bc76-40d9-a2ba-b0f1ed72d7f2
|
| 040 |
|
|
|a SNKBUCL
|b slo
|c SNKBUCL
|e AACR2
|
| 041 |
0 |
|
|a slo
|
| 044 |
|
|
|a xo
|c SK
|
| 080 |
|
|
|a 632.936/.937
|2 1981
|
| 100 |
1 |
|
|a Varkonda, Štefan,
|d 1937-
|4 aut
|9 204172
|
| 245 |
1 |
0 |
|a R. L. Ridgway, R. M. Silverstein, M. N. Inscoe: Behavior- Modifying Chemicals for Insect Management
|b Application of Feromones and other Attractans. (Aplikácia feromónov a iných atraktantov.)
|c Štefan Varkonda
|
| 650 |
0 |
7 |
|a biologická ochrana rastlín
|2 snkbucl
|9 224755
|
| 650 |
0 |
7 |
|a feromóny
|2 snkbucl
|9 25365
|
| 650 |
0 |
7 |
|a monografie
|2 snkbucl
|9 256509
|
| 655 |
|
7 |
|a recenzie
|2 snkbucl
|9 21907
|
| 655 |
|
7 |
|a články z novín a časopisov
|2 snkbucl
|9 267496
|
| 773 |
0 |
|
|t Agrochémia
|g Roč. 30, č. 12 (1990), s. 3-4 na kuléri
|
| 787 |
0 |
8 |
|i Rec.:
|a Ridgway, R.L.
|t Behavior - Modifying Chemicals for Insect Management. Application of Feromones and other Attractans
|d New York : Marcel Dekker, Inc., 1990
|
| 850 |
|
|
|a Slovenská národná knižnica v Martine
|a MTA001
|
| 852 |
|
|
|a SNK
|b KIS3GCP
|
| 954 |
|
|
|a odborná, vedecká literatúra pôvodná (slovenská)
|2 lita
|
| 958 |
|
|
|a OND
|
| 958 |
|
|
|a RK
|
| 958 |
|
|
|a EUIPO
|
| 958 |
|
|
|a article15
|
| 992 |
|
|
|a RBX
|
| 999 |
|
|
|c 2655844
|d 2657774
|